Voces, perspectivas y miradas del Pacífico / (Registro nro. 9012)

Detalles MARC
000 -CABECERA
Campo de control 01125nam a22002777a 4500
005 - FECHA Y HORA DE LA ULTIMA TRANSACCION
Campo de control 20170525020001.0
008 - ELEMENTOS DE LONGITUD FIJA—INFORMACION GENERAL
Campo de control 130319s2012 ck abdo rt 000 0 spa d
020 ## - ISBN
ISBN 9789587320985
040 ## - FUENTE DE CATALOGACIÓN
Agencia catalogadora original CO-BoPUJ
Agencia transcriptora CO-BoIAVH
041 0# - IDIOMA
Código de idioma para texto/pista de sonido o título separado Español
044 ## - PAÍS DE PUBLICACIÓN
País de publicación Colombia
082 04 - NUMERO DE CLASIFICACION DECIMAL DEWEY
Número de clasificación 306.0986
Número del ítem V87v
245 00 - MENCION DE TITULO
Título Voces, perspectivas y miradas del Pacífico /
Mención de responsabilidad compiladora Rosa Elizabeth Tabares Trujillo
250 ## - MENCION DE EDICION
Mención de edición 1a ed.
260 ## - PUBLICACION, DISTRIBUCION, ETC. (PIE DE IMPRENTA)
Lugar de publicación, distribución, etc. Popayán :
Nombre del editor, distribuidor, etc. Universidad del Cauca,
Fecha de publicación, distribución, etc. 2012.
300 ## - DESCRIPCION FISICA
Extensión 773 p.
Otros detalles físicos il., fotos, gráficas y mapas
Dimensiones 24 cm.
504 ## - NOTA DE BIBLIOGRAFIA, ETC.
Nota de bibliografía Incluye referencias bibliográficas.
650 14 - ASIENTO SECUNDARIO DE MATERIA - TERMINO TEMATICO
Término temático o nombre geográfico como elemento de entrada Multiculturalismo
Subdivisión geográfica Pacífico (Región, Colombia)
Subdivisión de forma Investigaciones
650 24 - ASIENTO SECUNDARIO DE MATERIA - TERMINO TEMATICO
Término temático o nombre geográfico como elemento de entrada Juegos infantiles
Subdivisión geográfica Pacífico (Región, Colombia)
650 24 - ASIENTO SECUNDARIO DE MATERIA - TERMINO TEMATICO
Término temático o nombre geográfico como elemento de entrada Medicina tradicional
Subdivisión geográfica Pacífico (Región, Colombia)
650 24 - ASIENTO SECUNDARIO DE MATERIA - TERMINO TEMATICO
Término temático o nombre geográfico como elemento de entrada Indígenas de Colombia
Subdivisión geográfica Pacífico (Región, Colombia)
651 #4 - ASIENTO SECUNDARIO DE MATERIA - NOMBRE GEOGRAFICO
Nombre geográfico Pacífico (Región, Colombia)
Subdivisión general Condiciones sociales
651 #4 - ASIENTO SECUNDARIO DE MATERIA - NOMBRE GEOGRAFICO
Nombre geográfico Guapi (Cauca, Colombia)
Subdivisión general Condiciones sociales
700 1# - ASIENTO SECUNDARIO - NOMBRE PERSONAL
Nombre personal Tabares-Trujillo, Rosa Elizabeth
Término de relación Comp.
942 ## - ELEMENTOS ADICIONALES (KOHA)
Sistema de clasificación Dewey Decimal Classification
Tipo de ítem Libro
Koha issues (borrowed), all copies 1
Existencias
Withdrawn status Lost status Sistema de Clasificación Damaged status No para préstamo Colección Ubicación Permanente Ubicación actual Fecha de adquisición Total Checkouts Total Renewals Número topográfico Inventario / Código de Barras Date last seen Date checked out Ejemplar Price effective from Forma de adquisición Tipo de material
    Dewey Decimal Classification     General Bogotá Bogotá 16/01/2015 2 2 LB-306.0986 V87v 038495 05/05/2022 04/06/2019 Ej. 1 16/01/2015   Libro